Loading...
| Geography | 3 | 2 | 0 | 0 | 65 | 54 | 72.80 | 4 | 5 | 0.00 | 0.00 |
| History - World | 0 | 6 | 0 | 2 | 60 | 77 | 120.33 | 1 | 6 | 0.00 | 0.00 |
| History - European | 0 | 4 | 0 | 1 | 40 | 100 | 115.00 | 0 | 4 | 0.00 | 0.00 |
| Science - Chemistry | 0 | 2 | 0 | 1 | 20 | 119 | 124.00 | 0 | 2 | 0.00 | 0.00 |
| History - Other | 0 | 1 | 0 | 1 | 10 | 149 | 149.00 | 0 | 1 | 0.00 | 0.00 |
| Literature - Poetry | 0 | 1 | 0 | 1 | 10 | 154 | 154.00 | 0 | 1 | 0.00 | 0.00 |
| Other Academic | 0 | 1 | 0 | 0 | 10 | 113 | 113.00 | 1 | 1 | 0.00 | 0.00 |
| Philosophy | 0 | 1 | 0 | 1 | 10 | 157 | 157.00 | 0 | 1 | 0.00 | 0.00 |
| Social Science | 0 | 1 | 0 | 0 | 10 | 83 | 83.00 | 0 | 1 | 0.00 | 0.00 |
| Fine Arts - Other | 0 | 1 | 0 | 0 | 10 | 105 | 105.00 | 0 | 1 | 0.00 | 0.00 |
| Fine Arts - Painting and Sculpture | 0 | 1 | 0 | 1 | 10 | 152 | 152.00 | 0 | 1 | 0.00 | 0.00 |
| History - Ancient | 0 | 1 | 0 | 0 | 10 | 126 | 126.00 | 0 | 0 | 0.00 | 0.00 |
| Science - Biology | 0 | 1 | 0 | 0 | 10 | 128 | 128.00 | 0 | 1 | 0.00 | 0.00 |
| Current Events | 0 | 1 | 0 | 1 | 10 | 78 | 78.00 | 0 | 1 | 0.00 | 0.00 |
| Science - Other | 0 | 1 | 1 | 0 | 5 | 120 | 120.00 | 0 | 1 | 0.00 | 0.00 |
| Religion | 0 | 0 | 1 | 0 | -5 | 0.00 | 0 | 0 | 0.00 | 0.00 | |
| Fine Arts - Classical Music | 0 | 0 | 2 | 0 | -10 | 0.00 | 0 | 0 | 0.00 | 0.00 |